<?xml version="1.0" encoding="UTF-8"?>
<record
    xmlns:xsi="http://www.w3.org/2001/XMLSchema-instance"
    xsi:schemaLocation="http://www.loc.gov/MARC21/slim http://www.loc.gov/standards/marcxml/schema/MARC21slim.xsd"
    xmlns="http://www.loc.gov/MARC21/slim">

  <leader>02939    a2200229   4500</leader>
  <controlfield tag="001">63359</controlfield>
  <controlfield tag="005">20260407155931.0</controlfield>
  <controlfield tag="008">260407a1969    arg                 spa d</controlfield>
  <controlfield tag="003">AR-UNSa-BCEJYS</controlfield>
  <datafield tag="040" ind1=" " ind2=" ">
    <subfield code="a">AR-UNSa-BCEJYS</subfield>
    <subfield code="b">spa</subfield>
    <subfield code="c">AR-UNSa-BCEJYS</subfield>
  </datafield>
  <datafield tag="080" ind1=" " ind2=" ">
    <subfield code="a">517.9</subfield>
    <subfield code="x">Ecuaciones diferenciales. Ecuaciones integrales. Otras ecuaciones funcionales. Diferencias finitas. C&#xE1;lculo de variaciones. An&#xE1;lisis funcional </subfield>
  </datafield>
  <datafield tag="245" ind1="1" ind2="0">
    <subfield code="a">Teor&#xED;a y problemas de ecuaciones diferenciales</subfield>
  </datafield>
  <datafield tag="250" ind1=" " ind2=" ">
    <subfield code="a">4a. reimp.</subfield>
  </datafield>
  <datafield tag="264" ind1=" " ind2="1">
    <subfield code="a">Bogot&#xE1; :</subfield>
    <subfield code="b">Libros McGraw-Hill</subfield>
    <subfield code="c">1969</subfield>
  </datafield>
  <datafield tag="300" ind1=" " ind2=" ">
    <subfield code="a">293 p.</subfield>
    <subfield code="c">27 cm.</subfield>
  </datafield>
  <datafield tag="505" ind1=" " ind2=" ">
    <subfield code="a">1. Origen de las ecuaciones diferenciales &#x2013; 2. Soluciones de las ecuaciones diferenciales &#x2013; 3. Ecuaciones de primer orden y primer grado &#x2013; 4. Ecuaciones de primer orden y primer grado &#x2013; Separaci&#xF3;n de variables y reducci&#xF3;n a separaci&#xF3;n de variables &#x2013; 5. Ecuaciones de primer orden y primer grado &#x2013; ecuaciones diferenciales exactas y reducci&#xF3;n a ecuaciones diferenciales exactas &#x2013; 6. Ecuaciones de primer orden y primer grado &#x2013; Ecuaciones lineales y ecuaciones reducibles a lineales &#x2013; 7. Aplicaciones geom&#xE9;tricas &#x2013; 8. Aplicaciones f&#xED;sicas &#x2013; 9. Ecuaciones de primer orden y grado superior &#x2013; 10. Soluciones singulares. Lugares geom&#xE9;tricos extra&#xF1;os &#x2013; 11. Aplicaciones de las ecuaciones de primer orden y grado superior &#x2013; 12. Ecuaciones lineales de orden &#x2013; 13. Ecuaciones lineales homog&#xE9;neas con coeficientes constantes &#x2013; 14. Ecuaciones lineales con coeficientes constantes &#x2013; 15.  Ecuaciones lineales con coeficientes constantes.- Variaci&#xF3;n de par&#xE1;metros, coeficientes indeterminados &#x2013; 16. Ecuaciones lineales con coeficientes constantes. &#x2013; M&#xE9;todos abreviados &#x2013; 17. . Ecuaciones lineales con coeficientes variables. &#x2013; Las ecuaciones lineales de Cauchy y Legendre &#x2013; 18. . Ecuaciones lineales con coeficientes variables. &#x2013; Ecuaciones de segundo orden &#x2013; 19. . Ecuaciones lineales con coeficientes variables. &#x2013; Diversos tipos &#x2013; 20. Aplicaciones de las ecuaciones lineales &#x2013; 21. Sistemas de ecuaciones lineales simultaneas &#x2013; 22. Ecuaciones diferenciales totales &#x2013; 23. Aplicaciones de las ecuaciones totales y simult&#xE1;neas &#x2013; 24. Resoluci&#xF3;n mediante aproximaciones num&#xE9;ricas &#x2013; 25. Integraci&#xF3;n por series &#x2013; 26.  Integraci&#xF3;n por series &#x2013; 27. Ecuaciones de Legendre, Bessel y Gauss &#x2013; 28. Ecuaciones entre derivadas &#x2013; 29. Ecuaciones entre derivadas parciales de primer orden &#x2013; 30. . Ecuaciones entre derivadas parciales no lineales de primer orden &#x2013; 31. Ecuaciones homog&#xE9;neas entre derivadas parciales de orden superior  con coeficientes constantes &#x2013; 32. Ecuaciones lineales no homog&#xE9;neas con coeficientes constantes &#x2013; 33. Ecuaciones de segundo orden entre derivadas parciales con coeficientes variables &#x2013; </subfield>
  </datafield>
  <datafield tag="041" ind1=" " ind2=" ">
    <subfield code="a">spa</subfield>
  </datafield>
  <datafield tag="942" ind1=" " ind2=" ">
    <subfield code="c">BK</subfield>
  </datafield>
  <datafield tag="590" ind1=" " ind2=" ">
    <subfield code="a">niveau_biblio:m niveau_hierar:0</subfield>
  </datafield>
  <datafield tag="100" ind1="1" ind2=" ">
    <subfield code="a">Ayres, Frank, Jr.</subfield>
  </datafield>
  <datafield tag="700" ind1="1" ind2=" ">
    <subfield code="a">G&#xF3;mez de Dios, Tom&#xE1;s</subfield>
  </datafield>
  <datafield tag="999" ind1=" " ind2=" ">
    <subfield code="c">8143</subfield>
    <subfield code="d">8143</subfield>
  </datafield>
  <datafield tag="952" ind1=" " ind2=" ">
    <subfield code="0">0</subfield>
    <subfield code="1">0</subfield>
    <subfield code="4">0</subfield>
    <subfield code="7">0</subfield>
    <subfield code="a">BCEJYS</subfield>
    <subfield code="b">BCEJYS</subfield>
    <subfield code="c">16</subfield>
    <subfield code="d">2026-04-07</subfield>
    <subfield code="l">0</subfield>
    <subfield code="o">517.9 A985</subfield>
    <subfield code="p">L24363</subfield>
    <subfield code="r">2026-04-07 15:59:31</subfield>
    <subfield code="w">2026-04-07</subfield>
    <subfield code="y">L</subfield>
  </datafield>
</record>
